000 00410nam a22001817a 4500
003 MPLRDC
005 20220104113612.0
008 210129b ||||| |||| 00| 0 eng d
082 _a848.1 LSQ
100 _a梁实秋著
245 _a秋室杂文
_c
250 _a三版
260 _a
_b文艺书屋
_c1970
300 _b
490 _a文星丛刊;1
650 _a现代别集
942 _cBK
_o848.1 LSQ
999 _c909
_d899